[Event "Ciudad de Santa Fe op"]
[Site "Ciudad de Santa Fe"]
[Date "2019.08.03"]
[Round "3.2"]
[White "Mussanti, Diego"]
[Black "Abdenur, Luciano"]
[Result "1-0"]
[WhiteElo "2336"]
[BlackElo "2043"]
[PlyCount "100"]
[EventDate "2019.08.02"]
[EventType "swiss"]
[EventRounds "6"]
[EventCountry "ARG"]
[SourceTitle "EXT 2024"]
[Source "ChessBase"]
[SourceDate "2023.10.10"]
[SourceVersion "1"]
[SourceVersionDate "2023.10.10"]
[SourceQuality "1"]

1. e4 c5 2. Nf3 d6 3. d4 cxd4 4. Nxd4 Nf6 5. Nc3 g6 6. Be3 Bg7 7. f3 Nc6 8. Qd2 0-0 9. Bc4 Bd7 10. 0-0-0 Rc8 11. Bb3 Na5 12. h4 h5 13. Bh6 Nc4 14. Bxc4 Rxc4 15. Bxg7 Kxg7 16. Nd5 Nxd5 17. exd5 Rc5 18. g4 Rh8 19. Rde1 hxg4 20. fxg4 Rxd5 21. Nf5+ Rxf5 22. gxf5 Bxf5 23. Qd4+ e5 24. Qxa7 Rxh4 25. Qf2 Rc4 26. Re2 Be4 27. Rf1 Qg5+ 28. Kb1 f5 29. b3 Rd4 30. Kb2 d5 31. c3 Rd3 32. Qc5 Rd2+ 33. Rxd2 Qxd2+ 34. Ka3 Qh2 35. Rg1 f4 36. Qe7+ Kh6 37. Qg5+ Kg7 38. Qxe5+ Kg8 39. Rf1 Qe2 40. Qxf4 Qa6+ 41. Kb2 Qe2+ 42. Ka1 Bf5 43. Qb8+ Kg7 44. Qxb7+ Kf6 45. Qb6+ Kf7 46. Qf2 Qe7 47. Qd4 Qe6 48. Rh1 g5 49. Qa7+ Kg8 50. Qb8+ Kf7 1-0

[Event "San Salvador op"]
[Site "San Salvador"]
[Date "2019.06.23"]
[Round "5"]
[White "Llanos, Guillermo"]
[Black "Abdenur, Luciano"]
[Result "0-1"]
[WhiteElo "2292"]
[BlackElo "2014"]
[PlyCount "88"]
[EventDate "2019.06.21"]
[EventType "swiss"]
[EventRounds "6"]
[EventCountry "ARG"]
[SourceTitle "CBM 191 Extra"]
[Source "ChessBase"]
[SourceDate "2019.09.30"]
[SourceVersion "1"]
[SourceVersionDate "2019.09.30"]
[SourceQuality "1"]

1. g3 e5 2. Nf3 e4 3. Nh4 d5 4. d3 exd3 5. Qxd3 Nf6 6. Bg2 c6 7. 0-0 Be6 8. Nd2 Be7 9. Nf5 0-0 10. Nxe7+ Qxe7 11. Nf3 Bg4 12. Bg5 Nbd7 13. Rfe1 h6 14. Be3 Rfe8 15. Qb3 c5 16. c3 b6 17. Rad1 Be6 18. Qa4 Ne4 19. Nd2 f5 20. f3 Nxd2 21. Bxd2 Nf6 22. Qa3 a5 23. Qa4 Bd7 24. Qc2 Qf7 25. Bf4 a4 26. Bc1 Re7 27. h3 Rae8 28. g4 fxg4 29. hxg4 Bb5 30. e3 Bc6 31. Qf2 Re5 32. Qg3 Qg6 33. Qh4 h5 34. f4 R5e7 35. g5 Ng4 36. c4 d4 37. f5 Qd6 38. Qxh5 Qg3 39. Qh3 Qf2+ 40. Kh1 Rxe3 41. Bxe3 Rxe3 42. Rxe3 Bxg2+ 43. Qxg2 Qxg2+ 44. Kxg2 Nxe3+ 0-1

[Event "San Salvador op"]
[Site "San Salvador"]
[Date "2019.06.22"]
[Round "3"]
[White "Gutierrez, Miguel"]
[Black "Abdenur, Luciano"]
[Result "0-1"]
[WhiteElo "1781"]
[BlackElo "2014"]
[PlyCount "70"]
[EventDate "2019.06.21"]
[EventType "swiss"]
[EventRounds "6"]
[EventCountry "ARG"]
[SourceTitle "CBM 191 Extra"]
[Source "ChessBase"]
[SourceDate "2019.09.30"]
[SourceVersion "1"]
[SourceVersionDate "2019.09.30"]
[SourceQuality "1"]

1. e4 e6 2. Nf3 d5 3. exd5 exd5 4. d4 Bd6 5. Be2 Ne7 6. 0-0 0-0 7. Nc3 c6 8. Bg5 f6 9. Bh4 Ng6 10. Bg3 f5 11. Bd3 f4 12. Bxg6 fxg3 13. Bxh7+ Kxh7 14. fxg3 Bg4 15. Qd3+ Bf5 16. Qd2 Nd7 17. Nh4 Bg6 18. Ne2 Be4 19. Nf3 Bxf3 20. gxf3 Qf6 21. f4 Rae8 22. c3 Qe6 23. Kf2 Nf6 24. Qd3+ Qe4 25. Rad1 Ng4+ 26. Ke1 Ne3 27. Kd2 Nxf1+ 28. Rxf1 Rf6 29. b4 Qxd3+ 30. Kxd3 g5 31. Rf3 Rfe6 32. fxg5 Rxe2 33. h4 Kg6 34. g4 Bf4 35. c4 R8e3+ 0-1

[Event "San Salvador op"]
[Site "San Salvador"]
[Date "2019.06.21"]
[Round "2"]
[White "Abdenur, Luciano"]
[Black "Manzone, Alessandro Jr"]
[Result "1-0"]
[WhiteElo "2014"]
[BlackElo "2393"]
[PlyCount "83"]
[EventDate "2019.06.21"]
[EventType "swiss"]
[EventRounds "6"]
[EventCountry "ARG"]
[SourceTitle "CBM 191 Extra"]
[Source "ChessBase"]
[SourceDate "2019.09.30"]
[SourceVersion "1"]
[SourceVersionDate "2019.09.30"]
[SourceQuality "1"]

1. f4 c5 2. Nf3 g6 3. e4 Bg7 4. d3 d5 5. exd5 Qxd5 6. Nc3 Qe6+ 7. Be2 Nh6 8. 0-0 0-0 9. Ng5 Qd7 10. Qe1 Nf5 11. g4 Nd4 12. Bd1 b6 13. Qh4 h6 14. Nh3 f5 15. g5 h5 16. Ne2 Bb7 17. Ng3 Qd5 18. Rf2 Ne6 19. Bf3 Qd7 20. c3 Bxf3 21. Rxf3 Nc6 22. Bd2 Nc7 23. Re1 Kf7 24. Rfe3 e6 25. Kf1 b5 26. Ng1 Qd5 27. Nf3 Qxa2 28. Qh3 h4 29. Nxh4 Rh8 30. Qg2 Nd8 31. Nf3 Qxb2 32. h4 Bxc3 33. Bxc3 Qxc3 34. h5 Nc6 35. Nh4 Ne7 36. Nxg6 Qd4 37. Nxe7 Qxf4+ 38. Rf3 Qxg5 39. Nexf5 Kg8 40. Ne7+ Kg7 41. Ngf5+ Kf6 42. Ng7+ 1-0

[Event "Concepcion del Uruguay op"]
[Site "Concepcion del Uruguay"]
[Date "2019.05.04"]
[Round "3"]
[White "Pichot, Alan"]
[Black "Abdenur, Luciano"]
[Result "1-0"]
[WhiteElo "2569"]
[BlackElo "2014"]
[PlyCount "39"]
[EventDate "2019.05.03"]
[EventType "swiss"]
[EventRounds "6"]
[EventCountry "ARG"]
[SourceTitle "CBM 190 Extra"]
[Source "ChessBase"]
[SourceDate "2019.07.15"]
[SourceVersion "1"]
[SourceVersionDate "2019.07.15"]
[SourceQuality "1"]

1. e4 c6 2. Nc3 d5 3. Nf3 dxe4 4. Nxe4 Nf6 5. Nxf6+ exf6 6. Bc4 Bd6 7. 0-0 0-0 8. d4 Re8 9. c3 Nd7 10. a4 Nf8 11. Qb3 Qc7 12. h3 Ng6 13. Be3 Bf5 14. Rfe1 Re7 15. Bd2 Rae8 16. Bxf7+ Rxf7 17. Rxe8+ Bf8 18. Rae1 h6 19. Ra8 Kh7 20. g4 1-0

[Event "Concepcion del Uruguay U2200"]
[Site "Concepcion del Uruguay"]
[Date "2018.08.18"]
[Round "3.5"]
[White "Abdenur, Luciano"]
[Black "Larrosa, Carlos"]
[Result "1-0"]
[WhiteElo "1936"]
[BlackElo "1589"]
[PlyCount "81"]
[EventDate "2018.08.18"]
[EventType "swiss"]
[EventRounds "5"]
[EventCountry "ARG"]
[SourceTitle "EXT 2024"]
[Source "ChessBase"]
[SourceDate "2023.10.10"]
[SourceVersion "1"]
[SourceVersionDate "2023.10.10"]
[SourceQuality "1"]

1. e4 Nf6 2. e5 Ng8 3. Nf3 e6 4. d4 d5 5. c4 c5 6. cxd5 exd5 7. Nc3 Be6 8. Bb5+ Nc6 9. 0-0 a6 10. Bxc6+ bxc6 11. dxc5 Bxc5 12. Na4 Ba7 13. Be3 Ne7 14. Nc5 0-0 15. Nxe6 fxe6 16. Bxa7 Rxa7 17. Ng5 Qd7 18. Qg4 Nf5 19. Rad1 Qe7 20. Rd3 c5 21. Rb3 h6 22. Nh3 Raa8 23. Nf4 Rfe8 24. Rb6 Nd4 25. Rd1 Qg5 26. Qxg5 hxg5 27. Nd3 Rec8 28. Kf1 Kf7 29. Nxc5 Rxc5 30. Rxd4 Rac8 31. Rxa6 Kg6 32. g4 Rc1+ 33. Kg2 R1c2 34. Rxe6+ Kh7 35. Kg3 Rf8 36. f3 Rxb2 37. Rxd5 Rb1 38. Re7 Rf1 39. Rd3 Kg8 40. a4 Ra8 41. Rdd7 1-0

[Event "Gualeguaychu Cup Baggio U2200"]
[Site "Gualeguaychu"]
[Date "2017.12.02"]
[Round "2.3"]
[White "Abdenur, Luciano"]
[Black "Nejanky, Maisa"]
[Result "0-1"]
[WhiteElo "1909"]
[BlackElo "2034"]
[PlyCount "62"]
[EventDate "2017.12.02"]
[EventType "swiss"]
[EventRounds "5"]
[EventCountry "ARG"]
[SourceTitle "EXT 2024"]
[Source "ChessBase"]
[SourceDate "2023.10.10"]
[SourceVersion "1"]
[SourceVersionDate "2023.10.10"]
[SourceQuality "1"]

1. e4 c5 2. Bc4 Nc6 3. Nf3 d6 4. 0-0 Nf6 5. d3 e6 6. Re1 a6 7. a4 Qc7 8. Bf4 Ne5 9. Nxe5 dxe5 10. Bg3 h5 11. h3 h4 12. Bh2 b6 13. Nd2 Bd7 14. c3 Bd6 15. Bb3 Bc6 16. Nc4 Rd8 17. d4 Nxe4 18. dxe5 Be7 19. Qg4 b5 20. axb5 axb5 21. Nd6+ Nxd6 22. exd6 Bxd6 23. Rxe6+ fxe6 24. Qxe6+ Qe7 25. Qg6+ Kf8 26. Qf5+ Qf6 27. Bxd6+ Rxd6 28. Qxc5 Qe7 29. Kh2 Rhh6 30. Ra7 Rd7 31. Qf5+ Rf6 0-1

[Event "Parana Agmer U2200"]
[Site "Parana"]
[Date "2017.06.11"]
[Round "6.1"]
[White "Teubner, Julio Cesar"]
[Black "Abdenur, Luciano"]
[Result "0-1"]
[WhiteElo "1799"]
[BlackElo "1895"]
[PlyCount "48"]
[EventDate "2017.06.09"]
[EventType "swiss"]
[EventRounds "6"]
[EventCountry "ARG"]
[SourceTitle "EXT 2024"]
[Source "ChessBase"]
[SourceDate "2023.10.10"]
[SourceVersion "1"]
[SourceVersionDate "2023.10.10"]
[SourceQuality "1"]

1. e3 Nf6 2. f4 d6 3. d4 Bg4 4. Be2 h5 5. Nd2 Nbd7 6. Ngf3 c6 7. b3 Qc7 8. Bb2 Nd5 9. Nf1 N7f6 10. c4 Qa5+ 11. Qd2 Qxd2+ 12. N3xd2 Nb4 13. Kd1 Nd3 14. Bxg4 hxg4 15. Kc2 Nf2 16. Rg1 d5 17. Ba3 a5 18. c5 e6 19. g3 N2e4 20. Bb2 Nd7 21. Nxe4 dxe4 22. Rg2 f5 23. Nd2 Rh3 24. Nc4 a4 0-1

[Event "Parana Agmer U2200"]
[Site "Parana"]
[Date "2017.06.09"]
[Round "2.2"]
[White "Perez Raffo, Martin Nicolas"]
[Black "Abdenur, Luciano"]
[Result "0-1"]
[WhiteElo "1678"]
[BlackElo "1895"]
[PlyCount "86"]
[EventDate "2017.06.09"]
[EventType "swiss"]
[EventRounds "6"]
[EventCountry "ARG"]
[SourceTitle "EXT 2024"]
[Source "ChessBase"]
[SourceDate "2023.10.10"]
[SourceVersion "1"]
[SourceVersionDate "2023.10.10"]
[SourceQuality "1"]

1. d4 Nf6 2. Nf3 c5 3. c3 d5 4. Bf4 Nc6 5. e3 Qb6 6. Qb3 c4 7. Qc2 Bf5 8. Qc1 Nh5 9. Bg3 Rc8 10. Nbd2 Nxg3 11. hxg3 Qc7 12. Be2 h6 13. Nh2 e6 14. 0-0 b5 15. Re1 Bd6 16. Bf3 0-0 17. e4 dxe4 18. Bxe4 Bxe4 19. Nxe4 Ne7 20. Nxd6 Qxd6 21. Qe3 Nd5 22. Qf3 b4 23. Nf1 Rb8 24. Nd2 Qa6 25. Ne4 bxc3 26. bxc3 Qa3 27. Nd2 Rfc8 28. Ne4 Rb2 29. g4 Rf8 30. g5 hxg5 31. Nxg5 Qxc3 32. Qe4 Nf6 33. Qh4 Rd2 34. Rac1 Rxd4 35. Rxc3 Rxh4 36. Nf3 Nd5 37. Ra3 Rf4 38. Rxa7 c3 39. Rc1 Rc8 40. a4 Rb4 41. Kf1 Nf4 42. Ne1 c2 43. g3 Rb1 0-1

[Event "Concordia Trabajadores"]
[Site "Concordia"]
[Date "2015.05.03"]
[Round "7"]
[White "Gonzalez, Mauro"]
[Black "Abdenur, Luciano"]
[Result "0-1"]
[WhiteElo "1916"]
[BlackElo "1918"]
[PlyCount "78"]
[EventDate "2015.05.01"]
[EventType "swiss"]
[EventRounds "7"]
[EventCountry "ARG"]
[SourceTitle "EXT 2023"]
[Source "ChessBase"]
[SourceDate "2022.10.05"]
[SourceVersion "1"]
[SourceVersionDate "2022.10.05"]
[SourceQuality "1"]

1. d4 Nf6 2. c4 e5 3. dxe5 Ng4 4. Bf4 Nc6 5. Nf3 Bb4+ 6. Nbd2 Qe7 7. e3 Ngxe5 8. Be2 b6 9. a3 Bxd2+ 10. Qxd2 Bb7 11. Nd4 Nxd4 12. Qxd4 d6 13. f3 f6 14. b4 0-0 15. 0-0 Rfe8 16. e4 Kh8 17. Rfe1 Ng6 18. Bg3 a5 19. c5 dxc5 20. bxc5 Rad8 21. Qc3 Rc8 22. Rab1 Ba8 23. Ba6 Rcd8 24. cxb6 cxb6 25. Rxb6 Nf8 26. Rc1 Ne6 27. Bf2 Nf4 28. Be3 Ne6 29. Bb5 Rf8 30. Qc4 Ng5 31. Bc5 Qc7 32. h4 Nxf3+ 33. Kf2 Nd2 34. Qc2 Nxe4+ 35. Kg1 Rd2 36. Qc4 Nxc5 37. Qxc5 Rxg2+ 38. Kf1 Qf4+ 39. Ke1 Qxh4+ 0-1

[Event "Concordia Trabajadores"]
[Site "Concordia"]
[Date "2015.05.02"]
[Round "5"]
[White "Abdenur, Luciano"]
[Black "Lopez Ortiz, Juan"]
[Result "0-1"]
[WhiteElo "1918"]
[BlackElo "2015"]
[PlyCount "58"]
[EventDate "2015.05.01"]
[EventType "swiss"]
[EventRounds "7"]
[EventCountry "ARG"]
[SourceTitle "EXT 2023"]
[Source "ChessBase"]
[SourceDate "2022.10.05"]
[SourceVersion "1"]
[SourceVersionDate "2022.10.05"]
[SourceQuality "1"]

1. c4 c5 2. g3 Nf6 3. Bg2 d5 4. cxd5 Nxd5 5. Nc3 Nc7 6. Nf3 Nc6 7. 0-0 e5 8. d3 f6 9. Be3 Be6 10. Rc1 Be7 11. Na4 b6 12. a3 Qd7 13. b4 cxb4 14. Rxc6 Qxc6 15. Nxe5 Qd6 16. Bc6+ Kf8 17. f4 bxa3 18. Nc3 Rc8 19. Ne4 Qd8 20. Ng5 fxg5 21. f5 Bd5 22. Nd7+ Kg8 23. f6 gxf6 24. Qa4 b5 25. Qc2 Be6 26. Nc5 Bxc5 27. Qxc5 Nd5 28. Bd4 Qb6 29. Rxf6 Qxc5 0-1